00502nam a2200169 a 4500008004100000020001800041050001700059100002300076245007200099250001200171260003500183300002100218500003600239650001200275650002100287700002400308120924s2009 ||||||||||||||||| || u a9780538739528 aQA 154.2 KAU aKaufmann, Jerome E10aCollege algebra. (7th ed.)cJerome E. Kaufmann; Karen L. Schwitters a7th ed. aAustralia:bBrooks/Cole c2009 axiv, 729p.: ill. aDonated by Counsellor Kang'ombe 0aALGEBRA 0aALGEBRAS, LINEAR aSchwitters, Karen L